Double Trouble US Presidents - Statistics

General Stats
  • This quiz has been taken 128 times
  • The average score is 19 of 20
Answer Stats
Mixed Pair President % Correct
1b) " " Kennedy
100%
3b) " " Biden
98%
3a) Bump / Triden Trump
98%
1a) Fersonnedy / Kennjef Jefferson
97%
4b) " " Wilson
97%
9b) " " Johnson
96%
8a) Buington / Chananwash Washington
96%
4a) Dingson / Wilhar Harding
95%
5b) " " Hoover
95%
7b) " " Taft
95%
6a) Mantay / Lortru Truman
95%
2b)" " Fillmore
94%
9a) Fieldson / Garjohn Garfield
94%
2a) Risonfill / Morehar Harrison
94%
10a) Oncar / Ternix Nixon
94%
7a) Talk / Poft Polk
94%
6b) " " Taylor
92%
10b) " " Carter
91%
5a) Verlin / Colnhoo Lincoln
91%
8b) " " Buchanan
89%
No matching quizzes found
Score Distribution
Percent of People with Each Score
Percentile by Number Answered
Your Score History
You have not taken this quiz